(KHMER) Play with whales / (Record no. 49742)
| 000 -LEADER | |
|---|---|
| fixed length control field | 00286nam a2200109 4500 |
| 020 ## - INTERNATIONAL STANDARD BOOK NUMBER | |
| International Standard Book Number | 9789924342281 |
| 100 ## - MAIN ENTRY--PERSONAL NAME | |
| Personal name | Prum, Kantharo |
| 9 (RLIN) | 86869 |
| 245 ## - TITLE STATEMENT | |
| Title | (KHMER) Play with whales / |
| Statement of responsibility, etc | Kantharo Prum |
| 260 ## - PUBLICATION, DISTRIBUTION, ETC. (IMPRINT) | |
| Place of publication, distribution, etc | Cambodia |
| Name of publisher, distributor, etc | Sipar |
| Date of publication, distribution, etc | 2020 |
| 300 ## - PHYSICAL DESCRIPTION | |
| Extent | 12 p. |
| Other physical details | col. ill. |
| Dimensions | 25 cm. |
| 942 ## - ADDED ENTRY ELEMENTS (KOHA) | |
| Source of classification or shelving scheme | |
| Koha item type | Book |
| Withdrawn status | Lost status | Source of classification or shelving scheme | Damaged status | Not for loan | Collection code | Home library | Current library | Shelving location | Date acquired | Total Checkouts | Full call number | Barcode | Date last seen | Price effective from | Koha item type | Date checked out |
|---|---|---|---|---|---|---|---|---|---|---|---|---|---|---|---|---|
| Siem Riep | Asian Hope Siem Reap | Asian Hope Siem Reap | SECONDARY | 11/12/2025 | KHMER E PRU | 209445 | 11/12/2025 | 11/12/2025 | Book | |||||||
| Siem Riep | Asian Hope Siem Reap | Asian Hope Siem Reap | SECONDARY | 01/08/2026 | 1 | KHMER E PRU | 209745 | 04/30/2026 | 01/08/2026 | Book | 04/23/2026 |